000 01243cam a22002891 4500
001 hew60000007
003 DLC
005 20260227111510.0
008 760611s1959 dcu 000 0 eng c
010 _ahew60000007
035 _a(OCoLC)2223422
040 _aU.S. Dept. of Health, Education, and Welfare Library
_cTxU-Da
_dOCoLC
_dDLC
042 _apremarc
050 0 0 _aL111
_b.A6 1960, no. 1
082 _a371.1
100 1 _aRoesch, Winston Leigh,
_d1911-
245 1 0 _aStatutory basis for administrative and specialized service staffing in local school districts.
260 _a[Washington]
_bU.S. Dept. of Health, Education, and Welfare, Office of Education
_c[1959]
300 _axii, 208 p.
_btables.
_c24 cm.
410 1 0 _aUnited States.
_bOffice of Education.
_tBulletin,
_v1960, no. 1
500 _a"OE-23000."
500 _aCopies 1 and 3 bound with: Bulletin / United States. Office of Education, 1960, no. 2-1960, no. 5, subsequent to publication.
650 0 _aEducational law and legislation
_zUnited States.
650 0 _aSchool management and organization.
740 0 _aAdministrative and specialized service staffing in local school districts.
740 0 _aSpecialized service staffing in local school districts.
999 _c34228
_d34228